00474pab a2200157 454500008004000000100002500040245009200065260000900157300001500166362000800181650003400189650001000223650002800233700002200261773003300283180718b2006 xxu||||| |||| 00| 0 eng d aMcFarland, Daniel A. aBowling young: how youth voluntary associations influence adult political participation c2006 ap.401-425. aJun aNongovernmental organizations aYouth aPolitical participation aThomas, Reuben J. aAmerican Sociological Review